LDR 00919naa#a2200193#i#450# 001 RU\\bibl\8345 005 20260416121001.4 011 ## _a2308-8877 100 ## _a20151210b2015####ek#y0rusy0150####ca 101 0# _aRUS 102 ## _aRU 200 1# _aПрименение математических расчетов плотности упаковки сфер к составу легких бетонов _eЖурнальная статья 210 1# _aВоронеж _cВоронежский государственный лесотехнический университет имени Г.Ф. Морозова _d2015 215 ## _a3 с. 608 ## _aЖурнальная статья _2local 700 #1 _aГавриленко _gАндрей Алексеевич 700 #1 _aЗакревская _gЛюбовь Владимировна 700 #1 _aДворников _gРуслан Михайлович 856 4# _aanni.editorum.ru _u